000 00429nam a2200181Ia 4500
001 18702
005 20260306171650.0
008 260306s9999||||xx |||||||||||||| ||und||
041 _aESP
082 _a658.5
_bB18
100 _aBallou,Ronald H.
_eAUT
245 0 _aLogística:
_badministración de la cadena de suministro
260 _c2004
300 _a
_c
650 _aGEN
654 _aCAN
942 _cLIB
_dJUS
_fJUS
_2ddc
_n
999 _c18702
_d18702